00277ntaaa2200121 45000030003000000050017000030080021000200400037000410820009000782450026000872500023001135000019001360120251027201113.00714s1973 ag 01  aAR-BaBNbspacAR-BaBNeaacrdRIC a206  aEl Expositor Bautista a1 ed, c1946, 1947 aEs una revista